[Event "OWL-ch U14 Girls"]
[Site "Hiddenhausen"]
[Date "2005.01.05"]
[Round "5"]
[White "Dieckmann, Annerieke"]
[Black "Himpenmacher, Anja"]
[Result "0-1"]
[WhiteElo "835"]
[BlackElo "771"]
[PlyCount "96"]
[EventDate "2005.01.02"]
[EventType "tourn"]
[EventRounds "5"]
[EventCountry "GER"]
[SourceTitle "EXT 2007"]
[Source "ChessBase"]
[SourceDate "2006.11.23"]
[SourceVersion "1"]
[SourceVersionDate "2006.11.23"]
[SourceQuality "1"]

1. e4 e5 2. Nf3 Nc6 3. Nc3 Nf6 4. Bb5 a6 5. Bxc6 dxc6 6. Nxe5 Bb4 7. d3 Bxc3+ 8. bxc3 0-0 9. 0-0 Qe7 10. Nf3 Bg4 11. Rb1 b5 12. Qe2 Bxf3 13. Qxf3 Qe5 14. Ba3 Rfe8 15. Bb2 Qg5 16. Qg3 Qh6 17. Qxc7 Rec8 18. Qg3 Ra7 19. Bc1 Qg6 20. Qxg6 hxg6 21. c4 bxc4 22. dxc4 Nxe4 23. Be3 Raa8 24. Rfe1 Nc3 25. Rb2 Rcb8 26. Rxb8+ Rxb8 27. a3 Rb2 28. Bd4 Rxc2 29. Bxc3 Rxc3 30. h3 Rxc4 31. Re8+ Kh7 32. Rf8 f5 33. g4 fxg4 34. hxg4 Rxg4+ 35. Kf1 c5 36. f3 Rd4 37. f4 c4 38. f5 c3 39. Rc8 Rd1+ 40. Ke2 Rd2+ 41. Ke1 Rd3 42. Rc6 gxf5 43. Ke2 Rh3 44. Kd1 g6 45. Rxa6 f4 46. a4 Rh2 47. a5 c2+ 48. Ke1 c1Q# 0-1